Movies Quiz

Random Movies or Actor Quiz

Actor Movie Chain Quiz Stats

 Plays Quiz Updated Sep 28, 2018

Score 0/15 Timer 06:00
0 Plays Today
Actor/Actress Movie % Correct
Julia Roberts, Matt Damon, Brad PittOceans 12
84.4%
Michael Keaton, Kim Basinger, Jack NicholsonBatman
69.5%
Jack Nicholson, Tom Cruise, Demi MooreA Few Good Men
64.1%
Catherine Zeta-Jones, Richard Gere, Renée ZellwegerChicago
56.3%
Renée Zellweger, Nicole Kidman, Jude LawCold Mountain
43.6%
Demi Moore, Robert Redford, Woody HarrelsonIndecent Proposal
39.9%
Jude Law, Natalie Portman, Julia RobertsCloser
37.4%
Alec Baldwin, Geena Davis, Michael KeatonBeetlejuice
34.5%
Actor/Actress Movie % Correct
Woody Harrelson, Robert Downey Jr., Juliette LewisNatural Born Killers
33.7%
Juliette Lewis, Quentin Tarantino, George ClooneyFrom Dusk Till Dawn
33.3%
John Cusack, Jack Black, Catherine Zeta-JonesHigh Fidelity
27.5%
Sam Rockwell, Frank Langella, Kevin BaconFrost/Nixon
21.4%
Brad Pitt, Casey Affleck, Sam RockwellThe Assassination of Jesse James by the Coward Robert Ford
18.8%
Kevin Bacon, Elizabeth McGovern, Alec BaldwinShe's Having a Baby
12.2%
George Clooney, Sean Penn, John CusackThe Thin Red Line
6.7%

You're not logged in!

Compare scores with friends on all Sporcle quizzes.
OR
Log In

Sporcle TV

Today on Sporcle TV


Watch our educational content, quiz creation guides, and fun videos on Sporcle TV.

Show Comments

Extras

Top Quizzes Today


Score Distribution

Your Account Isn't Verified!

In order to create a playlist on Sporcle, you need to verify the email address you used during registration. Go to your Sporcle Settings to finish the process.

Report this User

Report this user for behavior that violates our Community Guidelines.

Details: